[Event "XXXVII Olimpiadi femminile"]
[Site "Torino ITA"]
[Date "2006.05.28"]
[Round "7.2"]
[White "Stock, Lara"]
[Black "Milliet, Sophie"]
[Result "0-1"]
[WhiteElo "2200"]
[BlackElo "2330"]
[Annotator "FRA-CRO"]
[PlyCount "76"]
[EventDate "2006.05.21"]

1. d4 d5 2. Nf3 Nf6 3. e3 c6 4. Bd3 Bg4 5. Nbd2 Nbd7 6. h3 Bxf3 7. Nxf3 e6 8.
O-O Bd6 9. Re1 O-O 10. c4 e5 11. dxe5 Nxe5 12. cxd5 Nxd3 13. Qxd3 Nxd5 14. e4
Nb4 15. Qc4 b5 16. Qe2 Re8 17. e5 Bf8 18. Bg5 Qd3 19. a3 Qxe2 20. Rxe2 Nd5 21.
Rae1 h6 22. Bh4 Nf4 23. Rd2 c5 24. Red1 c4 25. Bg3 Nd3 26. Re2 Rad8 27. Kf1 a5
28. Ne1 Nc5 29. Red2 Rc8 30. Rd5 b4 31. axb4 axb4 32. Ke2 Na4 33. R5d2 c3 34.
bxc3 Nxc3+ 35. Kf3 Nxd1 36. Rxd1 Rc3+ 37. Kg4 Rec8 38. h4 b3 0-1

[Event "XXXVII Olimpiadi femminile"]
[Site "Torino ITA"]
[Date "2006.05.28"]
[Round "7.3"]
[White "Lallemand, Roza"]
[Black "Macek, Vlasta"]
[Result "1/2-1/2"]
[WhiteElo "2243"]
[BlackElo "2243"]
[Annotator "FRA-CRO"]
[PlyCount "82"]
[EventDate "2006.05.21"]

1. e4 e6 2. d4 d5 3. Nc3 Nf6 4. e5 Nfd7 5. f4 c5 6. Nf3 Nc6 7. Be3 a6 8. Qd2 b5
9. dxc5 Bxc5 10. Bxc5 Nxc5 11. Qf2 Qb6 12. b4 Nd7 13. Qxb6 Nxb6 14. a4 Nxb4 15.
Nd4 Bd7 16. Rb1 Nc6 17. Nxc6 Bxc6 18. axb5 axb5 19. Bxb5 Bxb5 20. Nxb5 O-O 21.
Nd6 Nc8 22. Nb5 Ne7 23. Kd2 h5 24. Nd4 Ra4 25. Kd3 Rc8 26. Ra1 Rac4 27. Ra3 Nc6
28. c3 Nxd4 29. cxd4 Rc2 30. Rg1 Rf2 31. Ke3 Rcc2 32. Ra8+ Kh7 33. Rf8 Ra2 34.
Rxf7 Rfb2 35. f5 Re2+ 36. Kf4 exf5 37. Rf1 Kg6 38. Rf8 Re4+ 39. Kg3 Ra3+ 40.
Rf3 Ra4 41. R8xf5 Raxd4 1/2-1/2

[Event "XXXVII Olimpiadi femminile"]
[Site "Torino ITA"]
[Date "2006.05.28"]
[Round "7.1"]
[White "Radziewicz, Iweta"]
[Black "Pourkashiyan, Atousa"]
[Result "1/2-1/2"]
[WhiteElo "2439"]
[BlackElo "2311"]
[Annotator "POL-IRI"]
[PlyCount "93"]
[EventDate "2006.05.21"]

1. c4 e6 2. Nc3 d5 3. d4 Nf6 4. Bg5 Be7 5. e3 O-O 6. Nf3 Nbd7 7. Qc2 c5 8.
O-O-O cxd4 9. exd4 dxc4 10. Bxc4 b6 11. Rhe1 Bb7 12. Kb1 Rc8 13. Qb3 Nd5 14.
Bxe7 Nxc3+ 15. bxc3 Qxe7 16. Re3 Nf6 17. Ne5 Bd5 18. Bxd5 Nxd5 19. Rf3 f6 20.
c4 fxe5 21. cxd5 Rxf3 22. gxf3 exd4 23. dxe6 Rd8 24. f4 d3 25. f5 d2 26. Qc3
Qd6 27. Kb2 h6 28. a3 a6 29. Qe3 Kf8 30. h4 Ke7 31. h5 a5 32. Qc3 Qd4 33. Qxd4
Rxd4 34. Kc3 Rd5 35. Rxd2 Rxf5 36. Rd7+ Kxe6 37. Rxg7 Rxf2 38. Rb7 Rf3+ 39. Kc4
Rxa3 40. Rxb6+ Kf7 41. Rxh6 Rh3 42. Kb5 Kg7 43. Rg6+ Kh7 44. Rg5 Kh6 45. Rc5
Rxh5 46. Rxh5+ Kxh5 47. Kxa5 1/2-1/2

[Event "XXXVII Olimpiadi femminile"]
[Site "Torino ITA"]
[Date "2006.05.28"]
[Round "7.3"]
[White "Przezdziecka, Marta"]
[Black "Ghaderpour Taleghani, Shayesteh"]
[Result "1-0"]
[WhiteElo "2265"]
[BlackElo "2144"]
[Annotator "POL-IRI"]
[PlyCount "43"]
[EventDate "2006.05.21"]

1. d4 Nf6 2. Nf3 c5 3. d5 b5 4. Bg5 Qb6 5. Bxf6 Qxf6 6. c3 Qb6 7. e4 d6 8. Nbd2
a6 9. a4 Bb7 10. axb5 axb5 11. Rxa8 Bxa8 12. Qb3 Nd7 13. Bxb5 Qc7 14. Nc4 Bb7
15. O-O f6 16. Ra1 Bc8 17. Ra8 Kf7 18. e5 Nxe5 19. Ncxe5+ fxe5 20. Nxe5+ Kg8
21. Rxc8 Qxc8 22. Bd7 1-0

[Event "XXXVII Olimpiadi femminile"]
[Site "Torino ITA"]
[Date "2006.05.28"]
[Round "7.1"]
[White "Zsiltzova-Lisenko, Lubov"]
[Black "Vovk, Oksana"]
[Result "1/2-1/2"]
[WhiteElo "2263"]
[BlackElo "2164"]
[Annotator "IBCA-DEN"]
[PlyCount "122"]
[EventDate "2006.05.21"]

1. e4 e6 2. d4 d5 3. e5 c5 4. c3 Nc6 5. Nf3 Bd7 6. a3 Nge7 7. Bd3 cxd4 8. cxd4
Qb6 9. Bc2 Nf5 10. Bxf5 exf5 11. Nc3 Be6 12. O-O Be7 13. b4 O-O 14. Be3 Rac8
15. Na4 Qd8 16. Ne1 b6 17. Nd3 Qd7 18. Qb3 f6 19. f4 fxe5 20. Nxe5 Qe8 21. Nc3
Bf6 22. Nf3 Qd7 23. Nd1 Rc7 24. Nb2 Rfc8 25. Nd3 Ne7 26. Rac1 Rxc1 27. Rxc1
Rxc1+ 28. Nxc1 Nc8 29. Ne5 Qc7 30. Ne2 Nd6 31. Nc3 Nc4 32. Bc1 Kf8 33. Ne2 Nd6
34. Qc3 Qxc3 35. Nxc3 Ke8 36. Kf1 Kd8 37. Ke2 Kc7 38. Kd3 a6 39. Nd1 Nc4 40.
Ne3 Nxe3 41. Bxe3 Bd7 42. Kc3 Ba4 43. Bf2 Be7 44. Nf3 Bd6 45. Ng5 Kd7 46. Be3
h6 47. Nf7 Be7 48. Ne5+ Ke6 49. h3 g5 50. g3 Bb5 51. Ng6 Bf6 52. fxg5 hxg5 53.
h4 Be8 54. hxg5 Bxg6 55. gxf6 Kxf6 56. Bf4 b5 57. Kd3 Bh5 58. Ke3 Bd1 59. Bh6
Kg6 60. Bf8 Kg5 61. Bd6 Kg4 1/2-1/2

[Event "XXXVII Olimpiadi femminile"]
[Site "Torino ITA"]
[Date "2006.05.28"]
[Round "7.2"]
[White "De Blecourt Dalsberg, Sandra"]
[Black "Maeckelbergh, Mieke"]
[Result "1-0"]
[WhiteElo "2077"]
[BlackElo "2026"]
[Annotator "IBCA-DEN"]
[PlyCount "106"]
[EventDate "2006.05.21"]

1. d4 d5 2. c4 e6 3. Nc3 Nf6 4. cxd5 exd5 5. Bg5 c6 6. Qc2 Nbd7 7. e3 Bd6 8.
Bd3 h6 9. Bh4 O-O 10. Nf3 Re8 11. O-O Nf8 12. Bg3 Bxg3 13. hxg3 Qe7 14. Rab1
Ne4 15. b4 a6 16. a4 Nd7 17. Rfc1 g5 18. b5 axb5 19. axb5 Ra3 20. Bxe4 dxe4 21.
Nd2 Nf6 22. Nc4 Ra8 23. bxc6 bxc6 24. Ne5 c5 25. Nxe4 Bf5 26. Rb7 Bxe4 27. Rxe7
Bxc2 28. Rxe8+ Rxe8 29. Rxc2 cxd4 30. exd4 Nd5 31. Rc5 Rd8 32. Nc6 Rc8 33. Rxd5
Rxc6 34. Kf1 Kf8 35. Re5 Kg7 36. Ke2 Rd6 37. Kd3 Kg6 38. Kc4 f6 39. Re2 Kf7 40.
Kc5 Rd8 41. d5 Rc8+ 42. Kd6 Rd8+ 43. Kc6 Rc8+ 44. Kb7 Rd8 45. Rd2 Ke7 46. Kc7
Rd7+ 47. Kc6 Rd6+ 48. Kc5 Ra6 49. Rb2 Ra7 50. Rb6 Rc7+ 51. Rc6 Ra7 52. Kb6 Ra2
53. Kc7 Rd2 1-0

[Event "XXXVII Olimpiadi femminile"]
[Site "Torino ITA"]
[Date "2006.05.28"]
[Round "7.1"]
[White "Ortiz, Nadya Karolina"]
[Black "Paehtz, Elisabeth"]
[Result "0-1"]
[WhiteElo "2184"]
[BlackElo "2438"]
[Annotator "COL-GER"]
[PlyCount "62"]
[EventDate "2006.05.21"]

1. e4 g6 2. d4 Bg7 3. g3 d5 4. e5 c5 5. c3 Nc6 6. Bg2 Bf5 7. Ne2 Qd7 8. h3 cxd4
9. cxd4 f6 10. g4 Be4 11. f3 Bxb1 12. exf6 Nxf6 13. Rxb1 O-O 14. O-O e6 15. Be3
Ne8 16. Qd2 Nd6 17. b3 a5 18. h4 a4 19. Ng3 axb3 20. axb3 Nb5 21. Ne2 Qe7 22.
Bf2 Qb4 23. Qe3 Nbxd4 24. Nxd4 Nxd4 25. f4 Rxf4 26. Rfd1 Raf8 27. Bg3 Rxg4 28.
Kh2 Qb6 29. Rd3 Qc6 30. Rc1 Rxg3 31. Kxg3 Qxc1 0-1

[Event "XXXVII Olimpiadi femminile"]
[Site "Torino ITA"]
[Date "2006.05.28"]
[Round "7.2"]
[White "Kachiani-Gersinska, Ketino"]
[Black "Franco Valencia, Angela Maria"]
[Result "1-0"]
[WhiteElo "2421"]
[BlackElo "2076"]
[Annotator "COL-GER"]
[PlyCount "129"]
[EventDate "2006.05.21"]

1. d4 d5 2. c4 c6 3. e3 e6 4. Nc3 f5 5. Bd3 Nf6 6. Nge2 Bd6 7. f3 Nh5 8. O-O
Qh4 9. h3 Ng3 10. Nxg3 Qxg3 11. f4 O-O 12. Bd2 Nd7 13. b4 Nf6 14. Qb3 Kh8 15.
Rf3 Qh4 16. Be1 Qh6 17. b5 Ne4 18. bxc6 bxc6 19. Qa4 Bb7 20. Rb1 Rfb8 21. c5
Bc7 22. Bxe4 fxe4 23. Rf2 e5 24. dxe5 g5 25. fxg5 Qxg5 26. Rxb7 Rxb7 27. Qxc6
Rab8 28. Qf6+ Qxf6 29. exf6 Ba5 30. Rf1 Kg8 31. c6 Rb2 32. Nxd5 Bxe1 33. c7 Ra8
34. Rxe1 Rc2 35. c8=Q+ Raxc8 36. Ne7+ Kf7 37. Nxc8 Rxc8 38. Rb1 Rc3 39. Rb7+
Kxf6 40. Rxa7 Rxe3 41. Rxh7 Ra3 42. Rh6+ Ke5 43. Kf2 Rxa2+ 44. Kg3 Ra3+ 45. Kg4
Ra7 46. Rg6 e3 47. Kf3 Kd4 48. Rd6+ Ke5 49. Rd3 Rf7+ 50. Kxe3 Rg7 51. Kf3 Rf7+
52. Kg3 Rg7+ 53. Kh2 Ke4 54. Rf3 Rh7 55. Rf8 Ke3 56. g4 Ke4 57. Kg3 Ke5 58. h4
Ra7 59. h5 Ke6 60. Kh4 Ke7 61. Rf3 Ra6 62. Rf4 Ra1 63. h6 Ra6 64. g5 Ra1 65.
Kh5 1-0

[Event "XXXVII Olimpiadi femminile"]
[Site "Torino ITA"]
[Date "2006.05.28"]
[Round "7.3"]
[White "Franco Valencia, Beatriz Irene"]
[Black "Juergens, Vera"]
[Result "0-1"]
[WhiteElo "2048"]
[BlackElo "2330"]
[Annotator "COL-GER"]
[PlyCount "97"]
[EventDate "2006.05.21"]

1. e4 c5 2. Nf3 Nc6 3. d3 g6 4. g3 Bg7 5. Bg2 e6 6. c3 Nge7 7. O-O O-O 8. Re1
d6 9. Nbd2 Rb8 10. a4 b6 11. Nf1 Ba6 12. h4 Ne5 13. c4 N7c6 14. Ne3 Qe7 15. Nh2
Nb4 16. Ra3 Nec6 17. Nc2 Nxc2 18. Qxc2 Rbe8 19. Bd2 Bb7 20. Qc1 Nd4 21. Nf3 f5
22. Nxd4 Bxd4 23. Re2 Bc6 24. Bh6 Rf7 25. exf5 Bxg2 26. Kxg2 Qb7+ 27. f3 Rxf5
28. Re4 Qf7 29. Rf4 Rxf4 30. Bxf4 Rf8 31. Qd1 Bxb2 32. Ra2 Bf6 33. a5 e5 34.
Be3 b5 35. Qe2 b4 36. a6 Rb8 37. Ra5 Qd7 38. Bc1 Qc6 39. Qa2 Kg7 40. Qd2 Kh8
41. Bb2 Bg7 42. Qg5 Rf8 43. Qe3 Kg8 44. Ba1 Qb6 45. Ra4 b3 46. Qe2 e4 47. Qxe4
b2 48. Qe6+ Kh8 49. Qe7 0-1

[Event "XXXVII Olimpiadi femminile"]
[Site "Torino ITA"]
[Date "2006.05.28"]
[Round "7.1"]
[White "Jackova, Jana"]
[Black "Dembo, Yelena"]
[Result "1/2-1/2"]
[WhiteElo "2389"]
[BlackElo "2464"]
[Annotator "CZE-GRE"]
[PlyCount "43"]
[EventDate "2006.05.21"]

1. e4 c5 2. Nf3 Nc6 3. d4 cxd4 4. Nxd4 Nf6 5. Nc3 d6 6. Bc4 e6 7. Be3 Be7 8.
Qe2 Bd7 9. a3 Rc8 10. Ba2 Nxd4 11. Bxd4 Qa5 12. O-O O-O 13. Qe3 b6 14. Qe2 Qh5
15. f3 Bc6 16. Bc4 Nd7 17. Ba6 Rcd8 18. a4 Bf6 19. Bxf6 Nxf6 20. Bb5 Ba8 21.
Rfd1 Qe5 22. a5 1/2-1/2

[Event "XXXVII Olimpiadi femminile"]
[Site "Torino ITA"]
[Date "2006.05.28"]
[Round "7.2"]
[White "Makropoulou, Marina"]
[Black "Cedikova, Katerina"]
[Result "1-0"]
[WhiteElo "2305"]
[BlackElo "2232"]
[Annotator "CZE-GRE"]
[PlyCount "101"]
[EventDate "2006.05.21"]

1. e4 c5 2. Nf3 d6 3. d4 cxd4 4. Nxd4 Nf6 5. Nc3 g6 6. Be3 Bg7 7. f3 O-O 8. Qd2
Nc6 9. O-O-O Nxd4 10. Bxd4 Be6 11. Kb1 Qc7 12. g4 Rfc8 13. g5 Nh5 14. Bxg7 Kxg7
15. Nd5 Bxd5 16. exd5 Qd7 17. h4 Rc5 18. Bh3 Qb5 19. Rhe1 Re8 20. Bg4 Kg8 21.
Re3 Rc7 22. Rb3 Qc5 23. Rc3 Qb6 24. Rxc7 Qxc7 25. Qe3 a6 26. Bxh5 gxh5 27. f4
Qc4 28. b3 Qc8 29. Qf3 Qf5 30. Rd3 Rc8 31. Qe3 Rc7 32. Kb2 b5 33. a3 Kg7 34.
Rc3 Qc8 35. Qd4+ Kg8 36. Rxc7 Qxc7 37. f5 Qd7 38. f6 e5 39. Qb6 h6 40. Qb8+ Kh7
41. Qf8 Kg6 42. Qg7+ Kf5 43. gxh6 Qa7 44. Qg5+ Ke4 45. Qg2+ Kf4 46. h7 Qa8 47.
Qg5+ Ke4 48. Qg8 Qa7 49. Qg2+ Kf4 50. h8=Q Qd4+ 51. Ka2 1-0

[Event "XXXVII Olimpiadi femminile"]
[Site "Torino ITA"]
[Date "2006.05.28"]
[Round "7.1"]
[White "Pina Vega, Sulennis"]
[Black "Atalik Polovnikova, Ekaterina"]
[Result "1/2-1/2"]
[WhiteElo "2334"]
[BlackElo "2393"]
[Annotator "CUB-TUR"]
[PlyCount "164"]
[EventDate "2006.05.21"]

1. e4 e5 2. Nf3 Nc6 3. Bb5 a6 4. Ba4 Nf6 5. Qe2 b5 6. Bb3 Bc5 7. a4 Rb8 8. axb5
axb5 9. O-O O-O 10. d3 h6 11. Be3 d6 12. h3 Qe7 13. Nbd2 Nh5 14. c3 Bxe3 15.
Qxe3 Qf6 16. Kh2 Nf4 17. Ng1 Ne6 18. Bc2 b4 19. Nc4 Ne7 20. Qf3 Qg5 21. Qg3
Qxg3+ 22. fxg3 f6 23. Ne3 Bd7 24. Nf3 b3 25. Bb1 Ra8 26. Rxa8 Rxa8 27. d4 Bb5
28. Rd1 Be2 29. Rd2 Bxf3 30. gxf3 exd4 31. cxd4 Ra4 32. d5 Nc5 33. Nd1 Nc8 34.
Nc3 Ra1 35. Bd3 Nb6 36. Nb5 Nba4 37. Nd4 Nxb2 38. Rxb2 Ra2 39. Rg2 Nxd3 40.
Nxb3 Ra3 41. Nd2 Ne1 42. Rf2 Ra2 43. Kh1 Nxf3 44. Rxf3 Rxd2 45. Rc3 f5 46. exf5
Rxd5 47. Rxc7 Rxf5 48. Kg2 Kh7 49. g4 Rf6 50. Kg3 Kg6 51. h4 Rf7 52. Rc6 Rd7
53. Kf4 Kf6 54. Ke4 Ke6 55. Rc8 Ra7 56. Re8+ Kf7 57. Rd8 Ra4+ 58. Kf3 Rd4 59.
Rd7+ Kf6 60. h5 Rd1 61. Ke2 Rd5 62. Kf3 Rd4 63. Kg3 g6 64. hxg6 Kxg6 65. Rd8 d5
66. Rf8 Rd1 67. Rd8 Kf6 68. Kf4 Rf1+ 69. Ke3 Re1+ 70. Kf4 Re4+ 71. Kf3 Ke5 72.
Rh8 Rf4+ 73. Ke3 d4+ 74. Kd3 Rf3+ 75. Kd2 Rf6 76. Rg8 Kf4 77. Kd3 Rd6 78. Rg7
Kg3 79. Rg8 Kh4 80. Rg7 Rf6 81. Kxd4 Rf4+ 82. Ke3 Rxg4 1/2-1/2

[Event "XXXVII Olimpiadi femminile"]
[Site "Torino ITA"]
[Date "2006.05.28"]
[Round "7.2"]
[White "Topel, Zehra"]
[Black "Marrero Lopez, Yaniet"]
[Result "0-1"]
[WhiteElo "2132"]
[BlackElo "2269"]
[Annotator "CUB-TUR"]
[PlyCount "80"]
[EventDate "2006.05.21"]

1. d4 d5 2. c4 c6 3. Nf3 Nf6 4. Nc3 e6 5. Bg5 h6 6. Bxf6 Qxf6 7. e3 g6 8. Be2
Bg7 9. O-O dxc4 10. Bxc4 O-O 11. a4 a5 12. Qb3 Qe7 13. Ne4 Nd7 14. Rac1 b6 15.
Bd3 Bb7 16. Nfd2 Rab8 17. f4 Ba8 18. Nf3 Rfd8 19. Ng3 Nf6 20. Bb1 c5 21. Rcd1
cxd4 22. Nxd4 Ng4 23. h3 Nf6 24. Kh1 Bd5 25. Qb5 Qb7 26. e4 Nxe4 27. Nxe4 Bxe4
28. Bxe4 Qxe4 29. Nc6 Rxd1 30. Rxd1 Rb7 31. Nd8 Rc7 32. Qxb6 Rc2 33. Rg1 Qxf4
34. Qb5 Be5 35. Qe8+ Kg7 36. Nxe6+ fxe6 37. Qd7+ Kh8 38. Qd8+ Kh7 39. Qd7+ Bg7
40. Qxe6 Rc1 0-1

[Event "XXXVII Olimpiadi femminile"]
[Site "Torino ITA"]
[Date "2006.05.28"]
[Round "7.1"]
[White "Peng, Zhao Qin"]
[Black "Sanchez Castillo, Sarai"]
[Result "1/2-1/2"]
[WhiteElo "2395"]
[BlackElo "2176"]
[Annotator "NED-VEN"]
[PlyCount "116"]
[EventDate "2006.05.21"]

1. Nf3 d5 2. d4 Nf6 3. c4 c6 4. e3 Bf5 5. Nc3 e6 6. Nh4 Bg6 7. Qb3 Qc7 8. Nxg6
hxg6 9. Bd2 Nbd7 10. h3 Nb6 11. cxd5 exd5 12. Rc1 Qd8 13. Bd3 Bd6 14. a4 a5 15.
Ne2 O-O 16. f3 Re8 17. O-O Kh8 18. Rce1 c5 19. dxc5 Bxc5 20. Nd4 Nbd7 21. Rc1
b6 22. Bb5 Qe7 23. Rfe1 Qd6 24. Qd3 Ne5 25. Qf1 Re7 26. b3 Rc7 27. Qf2 Ba3 28.
Rxc7 Qxc7 29. g4 Bc5 30. Kg2 Rd8 31. Rc1 Qd6 32. Be1 Kg8 33. Qe2 Rf8 34. Bg3
Qe7 35. Rd1 Rc8 36. Rc1 Ned7 37. Bf4 Nf8 38. Qd3 Ne6 39. Bh2 Nc7 40. Nc6 Qe6
41. Nd4 Bxd4 42. exd4 Nxb5 43. Rxc8+ Qxc8 44. axb5 Qc1 45. Be5 Nd7 46. Bg3 Nf8
47. Bf2 Ne6 48. Be3 Nf4+ 49. Bxf4 Qxf4 50. Qc3 g5 51. Qc8+ Kh7 52. Qc3 g6 53.
Qd3 Qc1 54. Qe2 Qc3 55. Qe7 Qd2+ 56. Kf1 Qd1+ 57. Kg2 Qd2+ 58. Kf1 Qd1+ 1/2-1/2

[Event "XXXVII Olimpiadi femminile"]
[Site "Torino ITA"]
[Date "2006.05.28"]
[Round "7.2"]
[White "Berntsen, Sheila Barth"]
[Black "Ciuksyte, Dagne"]
[Result "0-1"]
[WhiteElo "2159"]
[BlackElo "2423"]
[Annotator "LTU-NOR"]
[PlyCount "130"]
[EventDate "2006.05.21"]

1. e4 c5 2. Nf3 e6 3. d4 cxd4 4. Nxd4 a6 5. Bd3 Bc5 6. Nb3 Be7 7. Be3 d6 8. Qe2
Nf6 9. N1d2 b6 10. f4 Bb7 11. O-O-O Nc6 12. c3 b5 13. Kb1 b4 14. c4 Qc7 15.
Rhf1 Nd7 16. g4 a5 17. g5 a4 18. Nc1 O-O-O 19. Bc2 a3 20. bxa3 bxa3 21. Qd3 Nb4
22. Qxa3 d5 23. Qc3 e5 24. fxe5 Nxe5 25. Bd4 Nbc6 26. exd5 Nxd4 27. Qxd4 Bxg5
28. Bb3 Rhe8 29. Qf2 Bf6 30. Ne4 Nxc4 31. Nxf6 gxf6 32. Qxf6 Ne3 33. d6 Qd7 34.
Qc3+ Kb8 35. Rxf7 Nxd1 36. Qc7+ Qxc7 37. dxc7+ Kc8 38. cxd8=Q+ Rxd8 39. Be6+
Kb8 40. Rd7 Re8 41. Bf5 Nc3+ 42. Kc2 Ne2 43. Nb3 h6 44. Nc5 Bc8 45. Rd6 Bxf5+
46. Kb3 h5 47. a4 Kc7 48. Rh6 Bg4 49. h3 Re3+ 50. Kc4 Rc3+ 51. Kb4 Rxh3 52. a5
Nd4 53. a6 Rh1 54. Rh7+ Kd6 55. Kc4 Nc6 56. Rh6+ Kc7 57. Rh7+ Kc8 58. Kb5 Nd4+
59. Kc4 Ne6 60. a7 Ra1 61. Kd5 Ra5 62. Kd6 Nxc5 63. Rc7+ Kd8 64. Rxc5 Rxa7 65.
Ke5 Ra4 0-1

[Event "XXXVII Olimpiadi femminile"]
[Site "Torino ITA"]
[Date "2006.05.28"]
[Round "7.3"]
[White "Daulyte, Deimante"]
[Black "Bjerke, Silje"]
[Result "0-1"]
[WhiteElo "2230"]
[BlackElo "2161"]
[Annotator "LTU-NOR"]
[PlyCount "52"]
[EventDate "2006.05.21"]

1. e4 c5 2. Nf3 d6 3. d4 Nf6 4. Nc3 cxd4 5. Nxd4 a6 6. Be2 e5 7. Nb3 Be7 8. O-O
O-O 9. Be3 Be6 10. Qd2 Nbd7 11. Rfd1 b5 12. f3 Nb6 13. Na5 Qc7 14. a4 b4 15.
Na2 Bxa2 16. Rxa2 d5 17. Bd3 dxe4 18. Bxe4 Nxe4 19. fxe4 Nc4 20. Nxc4 Qxc4 21.
Qd5 Qxc2 22. Rc1 Qe2 23. Qd2 Qxd2 24. Bxd2 Rad8 25. Be3 Rd3 26. Kf2 Rxe3 0-1

[Event "XXXVII Olimpiadi femminile"]
[Site "Torino ITA"]
[Date "2006.05.28"]
[Round "7.1"]
[White "Tilenbaeva, Janyl"]
[Black "Geldyeva, Mekhri"]
[Result "0-1"]
[WhiteElo "2051"]
[BlackElo "2274"]
[Annotator "KGZ-TKM"]
[PlyCount "76"]
[EventDate "2006.05.21"]

1. e4 c5 2. Nf3 e6 3. d4 cxd4 4. Nxd4 a6 5. Be2 Qc7 6. O-O Nc6 7. Be3 Nf6 8.
Nd2 b6 9. c3 Bb7 10. Bf3 Ne5 11. Kh1 h5 12. Qe2 Neg4 13. g3 Bc5 14. Kg1 Nxe3
15. fxe3 b5 16. a4 b4 17. cxb4 Bxb4 18. Rac1 Qb8 19. Nc4 Bxe4 20. Bxe4 Nxe4 21.
Qf3 Ng5 22. Qg2 O-O 23. Rfd1 d5 24. Nc6 Qb7 25. N4e5 Bd6 26. Qe2 Bxe5 27. Nxe5
g6 28. h4 Ne4 29. Qg2 Kg7 30. g4 hxg4 31. Nxg4 Rh8 32. Qh2 Rh5 33. Rc7 Qb6 34.
Qf4 Rf8 35. Rf1 Rf5 36. Qh6+ Kg8 37. Rxf7 R8xf7 38. Rc1 Qb8 0-1

[Event "XXXVII Olimpiadi femminile"]
[Site "Torino ITA"]
[Date "2006.05.28"]
[Round "7.2"]
[White "Hallaeva, Bahar"]
[Black "Sabirova, Sofia"]
[Result "1-0"]
[WhiteElo "2135"]
[BlackElo "2143"]
[Annotator "KGZ-TKM"]
[PlyCount "53"]
[EventDate "2006.05.21"]

1. e4 c6 2. d4 g6 3. Bd3 Bg7 4. Nf3 d5 5. e5 Bg4 6. h3 Bxf3 7. Qxf3 e6 8. Nd2
c5 9. c3 Nc6 10. Bb5 cxd4 11. cxd4 Qb6 12. Bxc6+ bxc6 13. Nb3 a5 14. Qe2 Bf8
15. Be3 Bb4+ 16. Bd2 a4 17. Bxb4 Qxb4+ 18. Qd2 Rb8 19. Nc5 Qxd2+ 20. Kxd2 Rxb2+
21. Kc3 Rxf2 22. Rhb1 Kf8 23. Rb8+ Kg7 24. Rb7 Kf8 25. Ra7 Nh6 26. Rb1 Rg8 27.
Nxe6+ 1-0

[Event "XXXVII Olimpiadi femminile"]
[Site "Torino ITA"]
[Date "2006.05.28"]
[Round "7.3"]
[White "Ostry, Irina"]
[Black "Ovezova, Maisa"]
[Result "1-0"]
[WhiteElo "2182"]
[BlackElo "2137"]
[Annotator "KGZ-TKM"]
[PlyCount "75"]
[EventDate "2006.05.21"]

1. e4 c6 2. d4 d5 3. e5 Bf5 4. Nf3 e6 5. a3 Nd7 6. Be2 h6 7. O-O Ne7 8. Nbd2 c5
9. dxc5 Nxc5 10. b4 Nd7 11. Bb2 a6 12. Nd4 Bh7 13. f4 Nf5 14. Nxf5 Bxf5 15. c4
Nb6 16. c5 Nc8 17. Nb3 Be7 18. Nd4 g6 19. Qa4+ Qd7 20. Bb5 axb5 21. Qxa8 Bd3
22. Rfd1 Bc4 23. a4 bxa4 24. Qxa4 Qxa4 25. Rxa4 Kd7 26. Rda1 Rf8 27. g3 Bd3 28.
R4a3 Bc4 29. Nc2 Kc6 30. Bc3 Rd8 31. Nd4+ Kc7 32. Kg2 h5 33. h4 Rd7 34. Ra8 Bd3
35. Kf3 Rd8 36. Ke3 Bc4 37. Nc2 b6 38. R1a7+ 1-0

[Event "XXXVII Olimpiadi femminile"]
[Site "Torino ITA"]
[Date "2006.05.28"]
[Round "7.2"]
[White "Castaneda, Ada"]
[Black "Zuriel, Marisa"]
[Result "0-1"]
[WhiteElo "2017"]
[BlackElo "2214"]
[Annotator "ARG-ESA"]
[PlyCount "56"]
[EventDate "2006.05.21"]

1. e4 c5 2. Nf3 d6 3. d3 Nc6 4. g3 g6 5. Bg2 Bg7 6. O-O Nf6 7. c3 e5 8. Nbd2
O-O 9. h3 h6 10. Qe1 Be6 11. Nh4 d5 12. f4 exf4 13. gxf4 dxe4 14. dxe4 Ne7 15.
e5 Nfd5 16. Ne4 Rc8 17. Nd6 Rc7 18. a3 Rd7 19. c4 Nb6 20. Qe2 Rxd6 21. exd6 Nc6
22. Bxc6 bxc6 23. Nxg6 Bxc4 24. Ne7+ Kh8 25. Qd1 Bd4+ 26. Rf2 Qxd6 27. Qe1 Re8
28. Ng6+ Qxg6+ 0-1

[Event "XXXVII Olimpiadi femminile"]
[Site "Torino ITA"]
[Date "2006.05.28"]
[Round "7.1"]
[White "Houska, Jovanka"]
[Black "Petrenko, Svetlana"]
[Result "1/2-1/2"]
[WhiteElo "2378"]
[BlackElo "2334"]
[Annotator "ENG-MDA"]
[PlyCount "52"]
[EventDate "2006.05.21"]

1. e4 g6 2. d4 Bg7 3. Nc3 c6 4. Nf3 d6 5. Be3 Nf6 6. Qd2 b5 7. Bd3 a6 8. Ne2
Nbd7 9. a4 Nb6 10. axb5 axb5 11. Rxa8 Nxa8 12. d5 cxd5 13. Bxb5+ Bd7 14. Bxd7+
Qxd7 15. exd5 Qb5 16. Qd4 O-O 17. c4 Qb7 18. O-O Nh5 19. Qa7 Qxa7 20. Bxa7 Bxb2
21. Rb1 Bg7 22. Ned4 Rc8 23. Nc6 Bf8 24. Rb7 e6 25. Ng5 exd5 26. cxd5 Nc7
1/2-1/2

[Event "XXXVII Olimpiadi femminile"]
[Site "Torino ITA"]
[Date "2006.05.28"]
[Round "7.2"]
[White "Smokina, Karolina"]
[Black "Gilbert, Jessie"]
[Result "1/2-1/2"]
[WhiteElo "2252"]
[BlackElo "2144"]
[Annotator "ENG-MDA"]
[PlyCount "65"]
[EventDate "2006.05.21"]

1. c4 g6 2. Nc3 Bg7 3. g3 Nf6 4. Bg2 O-O 5. e4 c5 6. Nge2 Nc6 7. O-O a6 8. d3
d6 9. h3 Rb8 10. f4 Bd7 11. a4 Ne8 12. f5 Nd4 13. Nxd4 Bxd4+ 14. Kh1 b5 15. Bh6
Ng7 16. axb5 axb5 17. cxb5 Bxb5 18. Ra7 Bc6 19. Ra2 Ra8 20. Qb3 Rxa2 21. Qxa2
Qa8 22. fxg6 Qa5 23. Qa4 Qxa4 24. Na2 hxg6 25. b3 Ra8 26. Nc1 Rb8 27. Bf3 Bd7
28. Kg2 Be6 29. Bd1 f6 30. Bc2 Bf7 31. Bxg7 Kxg7 32. Ne2 Be5 33. Rb1 1/2-1/2

[Event "XXXVII Olimpiadi femminile"]
[Site "Torino ITA"]
[Date "2006.05.28"]
[Round "7.3"]
[White "Bellin, Jana M."]
[Black "Partac, Elena"]
[Result "1/2-1/2"]
[WhiteElo "2170"]
[BlackElo "2095"]
[Annotator "ENG-MDA"]
[PlyCount "51"]
[EventDate "2006.05.21"]

1. d4 Nf6 2. Nf3 e6 3. c4 Bb4+ 4. Nbd2 b6 5. e3 Bb7 6. Bd3 Bxd2+ 7. Bxd2 Ne4 8.
O-O O-O 9. Be1 f5 10. Qc2 d6 11. Nd2 Nxd2 12. Bxd2 Nd7 13. e4 fxe4 14. Bxe4
Bxe4 15. Qxe4 e5 16. dxe5 Nxe5 17. Bc3 Nd7 18. Rae1 Nf6 19. Qe6+ Rf7 20. Re3
Qd7 21. Rfe1 Qxe6 22. Rxe6 Nd7 23. Re7 Raf8 24. f3 Nc5 25. b3 Nd3 26. Rxf7
1/2-1/2

[Event "XXXVII Olimpiadi femminile"]
[Site "Torino ITA"]
[Date "2006.05.28"]
[Round "7.1"]
[White "Isgandarova, Khayala Ilqar Qizi"]
[Black "Sukandar, Irine Kharisma"]
[Result "0-1"]
[WhiteElo "2104"]
[BlackElo "2213"]
[Annotator "AZE-INA"]
[PlyCount "54"]
[EventDate "2006.05.21"]

1. e4 c5 2. Nf3 Nc6 3. g3 g6 4. Bg2 Bg7 5. c3 Nf6 6. d3 O-O 7. O-O d6 8. Re1 h6
9. h3 Be6 10. d4 cxd4 11. cxd4 d5 12. e5 Ne4 13. Nbd2 Rc8 14. Nxe4 dxe4 15.
Rxe4 Bd5 16. Rh4 g5 17. Nxg5 Bxg2 18. Qd3 f5 19. Ne6 Nxe5 20. Qe3 Nf3+ 21. Kxg2
Nxh4+ 22. Kf1 Qd5 23. Nxf8 Qh1+ 24. Ke2 Rc2+ 25. Kd3 Qd1+ 26. Bd2 Rxd2+ 27.
Qxd2 Qxa1 0-1

[Event "XXXVII Olimpiadi femminile"]
[Site "Torino ITA"]
[Date "2006.05.28"]
[Round "7.1"]
[White "Hernandez Guerrero, Yadira"]
[Black "Heinatz, Gundula"]
[Result "0-1"]
[WhiteElo "2225"]
[BlackElo "2277"]
[Annotator "MEX-SUI"]
[PlyCount "86"]
[EventDate "2006.05.21"]

1. e4 c5 2. Nf3 Nc6 3. d4 cxd4 4. Nxd4 Nf6 5. Nc3 d6 6. Bc4 e6 7. Bb3 a6 8. O-O
Be7 9. Be3 O-O 10. f4 Na5 11. f5 Nxb3 12. Nxb3 b5 13. a3 Bb7 14. Qf3 exf5 15.
Qxf5 Qc8 16. Qf4 Qg4 17. Na5 Qxf4 18. Rxf4 Bc8 19. Nc6 Re8 20. Nxe7+ Rxe7 21.
Rd1 Bb7 22. Rxd6 Nxe4 23. Nxe4 Bxe4 24. Bc5 Bxc2 25. Rd2 Re1+ 26. Kf2 Rc1 27.
Bb4 Bb3 28. Rf3 Be6 29. Bc3 Bc4 30. Rd6 Re8 31. Kg3 h5 32. Bd2 Rb1 33. Bc3 Re4
34. Rf4 Re6 35. Rd8+ Kh7 36. Kh4 Re2 37. Kg3 Re6 38. h3 Rh1 39. Rf5 Rg6+ 40.
Kh4 Rxg2 41. Rxh5+ Kg6 42. Re5 Be6 43. Re3 Rg4# 0-1